01384nam a2200265Ii 45000010005000000030009000050080041000140400033000550410008000880820016000961000031001122450032001432640073001753000012002483360026002603370028002863380027003149400050003419990017003919520142004089520142005509520142006929520142008349520142009764523CO-ViMGA241108s9999||||xx |||||||||||||| ||und|| aCO-ViMGAbspaerdacCO-ViMGA0 aunk04a618.92-B5351 aDavid Bersh Escobar95409210aManual del Vigía de Salud 1a[Lugar de publicación no identificado] : Ministerio de Salud, 1985 avolumen atextbtxt2rdacontent aunmediatedbn2rdamedia avolumebnc2rdacarrier aidficha_siabuc: 4412. -- ficha_no_siabuc:4523 c50954d50954 001040708001aMEVIGERRbMEVIGERRcGENd2006-11-27hVol.1o618.92-B535pECA3429r2024-11-26 10:02:23tEj.1w2024-11-26yBKz4412 | 6439 001040708001aMEVIGERRbMEVIGERRcGENd2006-11-27hVol.1o618.92-B535pECA3425r2024-11-26 10:02:23tEj.1w2024-11-26yBKz4412 | 6435 001040708001aMEVIGERRbMEVIGERRcGENd2006-11-27hVol.1o618.92-B535pECA3426r2024-11-26 10:02:23tEj.1w2024-11-26yBKz4412 | 6436 001040708001aMEVIGERRbMEVIGERRcGENd2006-11-27hVol.1o618.92-B535pECA3427r2024-11-26 10:02:23tEj.1w2024-11-26yBKz4412 | 6437 001040708001aMEVIGERRbMEVIGERRcGENd2006-11-27hVol.1o618.92-B535pECA3428r2024-11-26 10:02:23tEj.1w2024-11-26yBKz4412 | 6438